000 00384nam a22001577a 4500
005 20180317160020.0
008 160526b xxu||||| |||| 00| 0 eng d
041 _aeng
082 _b5124
_a336.24
100 _aRao, M.B.
_91281
245 _aTaxation of Foreign Income
260 _aNew Delhi
_bAcademic Faundation
_c1997
300 _a998
650 _aManagement
_9241
942 _cBK
999 _c1788
_d1787